|
|
|
|
| LEADER |
00000cac a2200000 a 4500 |
| 001 |
4194 |
| 003 |
Ucuenca |
| 005 |
20230807100747.0 |
| 008 |
012112|2005 ec |||||r|||||||||||spa|| |
| 020 |
|
|
|a 9978-27-547-1
|
| 022 |
|
|
|a 1390-1222
|
| 040 |
|
|
|b spa
|
| 041 |
1 |
|
|a spa
|
| 082 |
0 |
|
|a 577.687
|
| 245 |
|
|
|a Páramo y TLC
|c Doris Ortiz y Patricio Mena Vásconez editores
|h imp
|
| 264 |
|
|
|a Quito
|b Ediciones Abya Yala
|c 2005
|
| 300 |
|
|
|a 81 páginas:
|c 21 cm
|
| 490 |
|
|
|a Páramo
|n no. 19
|
| 650 |
|
4 |
|a Páramo
|9 4270
|
| 650 |
|
|
|a Tlc
|9 4294
|
| 700 |
1 |
|
|a Ortiz, Doris
|e editora
|9 220696
|
| 700 |
1 |
|
|a Mena Vásconez, Patricio.
|d 1959-
|e editor
|9 220697
|
| 852 |
|
|
|a UC-YANUNCAY
|f Compra
|k bcabrera
|l 1
|m General
|p 20121121
|q 6,11
|r 2
|t 4194
|b 0
|d CDRY
|e CDRY
|g 577.687 SALA 1 AGROPECUARIAS
|z 2012-21-12
|
| 942 |
|
|
|c CR
|2 ddc
|z diana.leon@ucuenca.edu.ec
|
| 999 |
|
|
|c 1380
|d 1380
|